000 00852nam a2200253 i 4500
001 000029623
003 DO-SdBNP
005 20250620112936.0
008 250620s1989 000 spa d
040 _aDO-SdBNP
_bspa
_cBNPHU
_erda
041 _hspa
082 _axxxx
_bR426
_222
110 1 _aRepública Dominicana .
_bSecretariado Técnico de la Presidencia
_bOficina Nacional de Estadística
_910866
245 1 0 _aRepública Dominicana en cifras 1988
264 _aSanto Domingo :
_bSecretariado Técnico de la Presidencia, Oficina Nacional de Estadística,
_c1988
300 _avolumen ;
_c19 cm.
336 _ardacontent
_btexto
_2txt
337 _ardamedia
_bsin mediación
_2n
338 _ardacarrier
_bvolumen
_2nc
500 _aLa biblioteca posee el volumen 15
590 _aInventariado, 2025/DG
910 _aDG
942 _2ddc
_cLBS1
999 _c59349
_d59349